Déclinaison Lituanienne - Statistiques

Statistiques générales
  • Ce quiz a été pris 24 fois
  • Le résultat moyen est 22 sur 132
Statistiques - réponses
Hint Réponse % Correct
1a vyr{e}
100%
12a brol{i}
86%
12b brol{į}
71%
13b obuol{į}
71%
13a obuol{y}
71%
21a saul{e}
71%
21b saul{ę}
71%
2a varn{a}
71%
2b varn{ą}
71%
1b vyr{ą}
71%
1c vyr{o}
43%
4b dang{ų}
29%
21c saul{ės}
29%
2c varn{os}
29%
3b ak{į}
14%
3a ak{ie}
14%
3c ak{ies}
14%
3e ak{imi}
14%
3pb ak{is}
14%
3pc ak{ių}
14%
3f ak{yje}
14%
3pa ak{ys}
14%
12pa brol{iai}
14%
12pd brol{iams}
14%
12c brol{io}
14%
12e brol{iu}
14%
12pc brol{ių}
14%
12d brol{iui}
14%
12pf brol{iuose}
14%
12pb brol{ius}
14%
12f brol{yje}
14%
4a dang{au}
14%
4c dang{aus}
14%
4pc dang{ų}
14%
4d dang{ui}
14%
4f dang{uje}
14%
4pe dang{umis}
14%
4pd dang{ums}
14%
4pf dang{uose}
14%
4pa dang{ūs}
14%
4pb dang{us}
14%
3Mb debes{į}
14%
3Ma debes{ie}
14%
3Mc debes{ies}
14%
3Me debes{imi}
14%
3Mpb debes{is}
14%
3Md debes{iui}
14%
3Mpc debes{ų}
14%
3Mf debes{yje}
14%
3mpa debes{ys}
14%
13pa obuol{iai}
14%
13pd obuol{iams}
14%
13c obuol{io}
14%
13e obuol{iu}
14%
13pc obuol{ių}
14%
13d obuol{iui}
14%
13pf obuol{iuose}
14%
13pb obuol{ius}
14%
13f obuol{yje}
14%
21e saul{e}
14%
21d saul{ei}
14%
21f saul{ėje}
14%
21pe saul{ėmis}
14%
21pd saul{ėms}
14%
21pa saul{ės}
14%
21pb saul{es}
14%
21pf saul{ėse}
14%
21pc saul{ių}
14%
SSb seser{į}
14%
SSpb seser{is}
14%
Ssc seser{s}
14%
SSpc seser{ų}
14%
SSf seser{yje}
14%
SSpa seser{ys}
14%
Sb šun{į}
14%
Spb šun{is}
14%
Sc šun{s}
14%
Spc šun{ų}
14%
Sf šun{yje}
14%
Spa šun{ys}
14%
5b vanden{į}
14%
5pb vanden{is}
14%
5e vanden{iu}
14%
5c vanden{s}
14%
5pc vanden{ų}
14%
5f vanden{yje}
14%
5pa vanden{ys}
14%
2e varn{a}
14%
2d varn{ai}
14%
2pb varn{as}
14%
2f varn{oje}
14%
2pe varn{omis}
14%
2pd varn{oms}
14%
2pa varn{os}
14%
2pf varn{ose}
14%
2pc varn{ų}
14%
1pa vyr{ai}
14%
1pd vyr{ams}
14%
1f vyr{e}
14%
1e vyr{u}
14%
1pc vyr{ų}
14%
1d vyr{ui}
14%
1pf vyr{uose}
14%
1pb vyr{us}
14%
3d ak{iai}
0%
3pe ak{imis}
0%
3pd ak{ims}
0%
3pf ak{yse}
0%
12pe brol{iais}
0%
4e dang{umi}
0%
3Mpe debes{imis}
0%
3Mpd debes{ims}
0%
3Mpf debes{yse}
0%
13pe obuol{iais}
0%
SSd seser{iai}
0%
SSa seser{ie}
0%
SSe seser{imi}
0%
SSpe seser{imis}
0%
SSpd seser{ims}
0%
Sspf seser{yse}
0%
Sa šun{ie}
0%
Se šun{imi}
0%
Spe šun{imis}
0%
Spd šun{ims}
0%
Sd šun{iui}
0%
Spf šun{yse}
0%
5a vanden{ie}
0%
5pe vanden{imis}
0%
5pd vanden{ims}
0%
5d vanden{iui}
0%
5pf vanden{yse}
0%
1pe vyr{ais}
0%
Aucun quiz correspondant
Distribution des résultats
% des personnes avec chaque résultat
Percentile par nombre de réponses
Votre historique - résultats
Vous n’avez pas pris ce quiz